000 00834nam a2200253Ia 4500
003 OSt
005 20220923223052.0
006 a|||||r|||| 00| 0
007 ta
008 220922b |||||||| |||| 00| 0 hin d
024 _a210,669
037 _cTextual
040 _aARTS
_cARTS
_bhin
041 _2hin
_ahin
082 _aO152,3N32x, M1
100 _aशर्मा, यादवेन्द्र
_9156365
245 0 _aदो श्रेष्ठ उपन्यास
246 _aDo shreṣhṭha upanyāsa
260 _aबीकानेर
_b कविता प्रका0
_c1981
300 _a93पृ.
_ccm.
650 _aहिन्दी साहित्य
_9156264
942 _hO152,3N32x, M1
_cTEXL
_2CC
999 _c360948
_d360948